SELLING BY TELEPHONE (Record no. 129196)

MARC details
000 -LEADER
fixed length control field 00309pam a2200133 a 4500
020 ## - INTERNATIONAL STANDARD BOOK NUMBER
International Standard Book Number 0-7494-2676-4
Terms of availability
041 ## - LANGUAGE CODE
Language code of original
082 ## - DEWEY DECIMAL CLASSIFICATION NUMBER
Classification number 658.8
Item number WIN
100 ## - MAIN ENTRY--PERSONAL NAME
Personal name WINTER C.D.,
245 ## - TITLE STATEMENT
Title SELLING BY TELEPHONE
Medium Textual Documents
260 ## - PUBLICATION, DISTRIBUTION, ETC.
Place of publication, distribution, etc. LONDON
Name of publisher, distributor, etc. KOGAN PAGE LTD
Date of publication, distribution, etc. 1998
300 ## - PHYSICAL DESCRIPTION
Extent XIII+127
930 ## - EQUIVALENCE OR CROSS-REFERENCE-UNIFORM TITLE HEADING [LOCAL, CANADA]
Uniform title 9743
Holdings
Withdrawn status Lost status Damaged status Not for loan Collection Home library Current library Date acquired Total Checkouts Full call number Barcode Date last seen Copy number Price effective from Koha item type
          Institute of Management & Entrepreneurship Development, Pune Institute of Management & Entrepreneurship Development, Pune 19/04/2011   658.8 WIN IMP-IM-8095 01/03/2023 1 01/03/2023 Book